The Howard Journal of Crime and Justice

Detalles Bibliográficos
Formato: eBook
Lenguaje:inglés
Publicado: Hoboken: Wiley, 2016 -
Materias:
Acceso en línea:Acceso restringido

MARC

LEADER 00000nam a22000007a 4500
005 20210408234557.0
007 cr|||| ||||
008 210408c20169999gb n|w s|||| 0|||b1eng d
022 |a 2059-1098 
035 |a 32939 
040 |a vLex 
090 |c 11420  |d 11420 
245 0 3 |a The Howard Journal of Crime and Justice  |h [Recurso electrn̤ico] / 
256 |a Servicio en ln̕ea 
260 |a Hoboken:  |b Wiley,  |c 2016 - 
300 |a 1 recurso electrn̤ico 
310 |a Irregular 
506 1 |a Disponible solo en los productos indicados  |d vLex Global  |d vLex Global (Academic Edition, excluding Law Schools)  |d vLex Global (U.S. Academic Edition, Law Schools)  |d vLex Global (U.S. Academic Edition, excluding Law Schools)  |d vLex Global (Academic Edition, Law Schools) 
650 0 4 |a Derecho Penal  |z Reino Unido 
650 0 4 |a Derecho Constitucional  |z Reino Unido 
740 0 |a vLex Revistas (Servicio en ln̕ea) 
856 4 0 |u https://vlex.com/source/32939  |z Acceso restringido 
942 |c REV 
999 0 |a Criminal Law 
999 0 |a Constitutional Law